000 00641nam a22001937a 4500
003 OSt
005 20160718155801.0
008 160718b xxu||||| |||| 00| 0 eng d
020 _a185315525x
040 _c040a
082 _aWA 100
_bS36 2003
100 _aKhan, Khalid S...{etal}
_910267
245 _aSystematic reviews to support evidence-based medicine :
_bhow to review and apply findings of healthcare research /
_cKhalid S Khan...{etal}
260 _aLondon
_bThe royal society of medicine press
_c2003
300 _axi, 136p;
_bill :
_c15 cm.
504 _aIncludes index
650 _aSystematic reviews
_910268
942 _2z
_cO_SHELF
999 _c4772
_d4772